Harry Potter 6: The Slug Club Quiz Stats

 Plays Quiz not verified by Sporcle

Support Sporcle.
Go Orange.
Score 0/49 Timer 06:00
0 Plays Today
Characters % Correct
Harry Potter
99%
Ginny Weasley
97.5%
Ron Weasley
97.2%
Draco Malfoy
95.2%
Hermione Granger
94.9%
George Weasley
93.7%
Fred Weasley
93.4%
Molly Weasley
93.4%
Arthur Weasley
93.4%
Bill Weasley
92.9%
Lucius Malfoy
92.7%
Neville Longbottom
92.4%
Horace Slughorn
91.9%
Albus Dumbledore
89.6%
Lord Voldemort
87.9%
Luna Lovegood
87.9%
Lily Potter
87.9%
Vincent Crabbe
87.4%
James Potter
87.1%
Gregory Goyle
86.9%
Blaise Zabini
86.6%
Pansy Parkinson
85.1%
Dean Thomas
82.3%
Cormac McLaggen
81.1%
Rubeus Hagrid
80.6%
Characters % Correct
Hedwig
78%
Cho Chang
76%
Nymphadora Tonks
75.5%
Pigwidgeon
73%
Crookshanks
71.7%
Rufus Scrimgeour
68.9%
Fleur Delacour
66.9%
Bellatrix Lestrange
63.6%
Marcus Belby
59.6%
Marietta Edgecombe
58.3%
Gabrielle Delacour
55.6%
Theodore Nott
53.3%
Romilda Vane
52.3%
Zacharias Smith
50.8%
Dolores Umbridge
49%
Mr. Borgin
47.7%
Gwenog Jones
43.7%
Arnold
43.4%
Trevor
40.4%
Garrick Ollivander
31.3%
Madam Malkin
27.5%
Tiberius
22.5%
Bertie Higgs
17.7%
Damocles
17.4%

You're not logged in!

Compare scores with friends on all Sporcle quizzes.
OR
Log In

From the Vault

Parapros...What?

by rockgolf

You don't have to know a paraprosdokian from a platypus for these phrases to make you smile.
Remove Ads.
Support Sporcle.
Get the best of Sporcle when you Go Orange. This ad-free experience offers more features, more stats, and more fun while also helping to support Sporcle. Thank you for becoming a member.

Show Comments

Extras

Top Quizzes Today


Score Distribution

Your Account Isn't Verified!

In order to create a playlist on Sporcle, you need to verify the email address you used during registration. Go to your Sporcle Settings to finish the process.

Report this User

Report this user for behavior that violates our Community Guidelines.

Details: